[Event "HUN Team League Ch. Csongrad Region"]
[Site "Csongrád County"]
[Date "2016.03.06"]
[Round "7.1"]
[White "Mokcsay, Robert"]
[Black "Kurucsai, Andras"]
[Result "1-0"]
[WhiteElo "2269"]
[BlackElo "1738"]
[PlyCount "91"]
[EventDate "2015.09.20"]

1. c4 c5 2. Nc3 Nc6 3. g3 d6 4. Bg2 Nf6 5. d3 g6 6. e4 Bg7 7. Nge2 O-O 8. O-O
e5 9. h3 Be6 10. f4 Qc8 11. Kh2 a6 12. Nd5 Bxd5 13. cxd5 Nd4 14. fxe5 dxe5 15.
Bg5 Nh5 16. Rc1 Qd7 17. Rxc5 Qd6 18. Rc4 b5 19. Rc1 Rac8 20. g4 Rxc1 21. Bxc1
Nxe2 22. Qxe2 Nf4 23. Qc2 Qb8 24. Be3 Rc8 25. Qb3 Qd6 26. Rf2 Bh6 27. Rc2 Rxc2
28. Qxc2 Bf8 29. Bf1 Qb4 30. Qc3 Qd6 31. a3 Qf6 32. Qe1 Bd6 33. b4 g5 34. Qf2
Kf8 35. Kg1 Qh6 36. Qf3 Qf6 37. Kf2 Qd8 38. Qd1 a5 39. Bc5 axb4 40. axb4 Ke7
41. Qa1 Ng6 42. Qa6 Qd7 43. Ke3 Nf8 44. d4 exd4+ 45. Kxd4 Bxc5+ 46. Kxc5 1-0

[Event "HUN Team League Ch. Csongrad Region"]
[Site "Csongrád County"]
[Date "2016.03.06"]
[Round "7.1"]
[White "Nagy, Zoltan"]
[Black "Farkas, Sandor"]
[Result "0-1"]
[WhiteElo "1689"]
[BlackElo "1856"]
[PlyCount "68"]
[EventDate "2015.09.20"]

1. e4 c5 2. Nf3 a6 3. b3 Nc6 4. Bb2 Nf6 5. e5 Nd5 6. Bc4 e6 7. Bxd5 exd5 8. O-O
d6 9. Re1 Be6 10. d4 dxe5 11. Nxe5 Nxe5 12. dxe5 Qg5 13. Qf3 Be7 14. h3 Rd8 15.
Qg3 Qxg3 16. fxg3 O-O 17. Nd2 b5 18. Nf3 Rb8 19. c3 a5 20. Rac1 h5 21. Kh2 Rb6
22. a3 g5 23. Nd2 Re8 24. Re2 Bf8 25. Nf3 Bh6 26. Rd1 g4 27. Nd2 Bf5 28. Nb1
Bg7 29. Rde1 Rbe6 30. c4 bxc4 31. bxc4 d4 32. Rf2 Bg6 33. Nd2 Bxe5 34. Ref1 h4
0-1

[Event "HUN Team League Ch. Csongrad Region"]
[Site "Csongrád County"]
[Date "2016.03.06"]
[Round "7.1"]
[White "Fabian, Istvan"]
[Black "Papp, Zoltan"]
[Result "1/2-1/2"]
[WhiteElo "1745"]
[BlackElo "1849"]
[PlyCount "55"]
[EventDate "2015.09.20"]

1. c4 c6 2. d4 d5 3. Nc3 Nf6 4. Bg5 Bf5 5. Qb3 Nbd7 6. Qxb7 Qc8 7. Qxc8+ Rxc8
8. c5 e5 9. e3 Ne4 10. Nxe4 Bxe4 11. O-O-O h6 12. Bh4 g5 13. Bg3 exd4 14. exd4
Bg7 15. f3 Bg6 16. Ba6 O-O 17. Bxc8 Rxc8 18. Ne2 f5 19. Rhe1 f4 20. Bf2 Rb8 21.
Nc3 Kf7 22. h4 a5 23. g4 Rb4 24. a3 Rc4 25. hxg5 hxg5 26. Rd2 a4 27. Kd1 Nf8
28. Rde2 1/2-1/2

[Event "HUN Team League Ch. Csongrad Region"]
[Site "Csongrád County"]
[Date "2016.03.06"]
[Round "7.1"]
[White "Heintz, Sebestyen"]
[Black "Kiss, Rebeka"]
[Result "0-1"]
[WhiteElo "1719"]
[BlackElo "1699"]
[PlyCount "70"]
[EventDate "2015.09.20"]

1. e4 e5 2. Nf3 Nc6 3. Bc4 Nf6 4. d3 Be7 5. Be3 O-O 6. O-O d6 7. c3 Na5 8. Nbd2
Ng4 9. h3 Nxe3 10. fxe3 Bg5 11. Qe1 Qf6 12. b4 Nxc4 13. Nxc4 b5 14. Ncd2 Qh6
15. Nxg5 Qxg5 16. Rf3 h5 17. Qg3 Qxg3 18. Rxg3 Re8 19. Rf1 a5 20. Ra1 axb4 21.
cxb4 Ra3 22. Nf1 Be6 23. d4 Rxa2 24. Rc1 Bc4 25. d5 Rea8 26. Rf3 Ra1 27. Rc2
Rb1 28. Rcf2 f6 29. Rf5 Raa1 30. h4 Rxb4 31. Kh2 Bxf1 32. Rxf1 Rxf1 33. Rxf1
Rxe4 34. Rb1 Rxh4+ 35. Kg3 Rc4 0-1

[Event "HUN Team League Ch. Csongrad Region"]
[Site "Csongrád County"]
[Date "2016.03.06"]
[Round "7.1"]
[White "Fridrik, Richard"]
[Black "Komocsin, Kont"]
[Result "1-0"]
[WhiteElo "1720"]
[BlackElo "1575"]
[PlyCount "87"]
[EventDate "2015.09.20"]

1. e4 c5 2. Nf3 d6 3. d4 cxd4 4. Nxd4 Nc6 5. Nc3 Nf6 6. Be2 e6 7. O-O Be7 8.
Be3 O-O 9. Qd2 Re8 10. Rad1 a6 11. a4 e5 12. Nxc6 bxc6 13. Bg5 Bf8 14. b3 Qc7
15. Bxf6 gxf6 16. f4 Rd8 17. fxe5 fxe5 18. Qg5+ Bg7 19. Rd3 h6 20. Qh5 Be6 21.
Rg3 Kh7 22. Bg4 Bxg4 23. Qxg4 f6 24. Qg6+ Kh8 25. Rxf6 Rd7 26. Rf1 Kg8 27. Qxh6
Rf7 28. Rxf7 Qxf7 29. Qxd6 Rf8 30. Rf3 Qe8 31. Rxf8+ Bxf8 32. Qf6 Bc5+ 33. Kf1
Bb4 34. Ne2 Qd7 35. Qg5+ Kf8 36. Qf5+ Qf7 37. Qxf7+ Kxf7 38. Kf2 Kf6 39. Kf3
Be1 40. Ng3 Kg5 41. Nf5 c5 42. g3 Bc3 43. h4+ Kg6 44. g4 1-0

[Event "HUN Team League Ch. Csongrad Region"]
[Site "Csongrád County"]
[Date "2016.03.06"]
[Round "7.1"]
[White "Gabor, Geza"]
[Black "Papp, Bence"]
[Result "0-1"]
[WhiteElo "1670"]
[BlackElo "1638"]
[PlyCount "106"]
[EventDate "2015.09.20"]

1. e4 c5 2. Nf3 e6 3. d4 cxd4 4. Nxd4 Nf6 5. Bd3 Bc5 6. Nb3 Be7 7. O-O O-O 8.
Nc3 Nc6 9. Be3 d5 10. exd5 exd5 11. Nd4 Ng4 12. h3 Nxe3 13. fxe3 Bc5 14. Qh5 g6
15. Qxd5 Qxd5 16. Nxd5 Nxd4 17. b4 Nxc2 18. Bxc2 Bb6 19. Nxb6 axb6 20. Bb3 Bd7
21. Rf6 b5 22. Rd1 Bc6 23. Rdf1 Be8 24. e4 Rd8 25. e5 Rd7 26. g4 Kg7 27. g5 Rh8
28. e6 fxe6 29. Bxe6 Rd3 30. Bc8 Rg3+ 31. Kh2 Rxg5 32. Bxb7 Re5 33. R1f2 Re7
34. Bd5 Rd7 35. Bb3 Rd4 36. R6f4 Rd3 37. R2f3 Rd2+ 38. Kg3 Bc6 39. Rc3 Rg2+ 40.
Kh4 g5+ 41. Kh5 Be8+ 42. Rf7+ Bxf7+ 43. Bxf7 Kxf7 44. a3 Re8 45. Kh6 g4 46. h4
Rh2 47. Kg5 Rg8+ 48. Kh5 g3 49. Rc7+ Ke6 50. Rc5 g2 51. Rc6+ Kd7 52. Ra6 g1=Q
53. a4 Qg5# 0-1

[Event "HUN Team League Ch. Csongrad Region"]
[Site "Csongrád County"]
[Date "2016.03.06"]
[Round "7.1"]
[White "Tapodi, Norman Lajos"]
[Black "Magony, Milan"]
[Result "1-0"]
[WhiteElo "1597"]
[BlackElo "1279"]
[PlyCount "41"]
[EventDate "2015.09.20"]

1. Nf3 e6 2. g3 d5 3. Bg2 Nf6 4. d4 c5 5. O-O Nc6 6. c3 Be7 7. Bf4 O-O 8. Nbd2
Re8 9. Nb3 c4 10. Nbd2 Bd6 11. Ne5 Bxe5 12. Bxe5 Nd7 13. Nf3 f6 14. Bf4 e5 15.
dxe5 fxe5 16. Qxd5+ Kh8 17. Bg5 Nb6 18. Qxd8 Nxd8 19. Bxd8 Rxd8 20. Nxe5 Be6
21. Bxb7 1-0

[Event "HUN Team League Ch. Csongrad Region"]
[Site "Csongrád County"]
[Date "2016.03.06"]
[Round "7.1"]
[White "Katai, Csaba"]
[Black "Nogradi, Erik"]
[Result "1/2-1/2"]
[WhiteElo "1683"]
[BlackElo "1472"]
[PlyCount "77"]
[EventDate "2015.09.20"]

1. e4 c5 2. Nf3 d6 3. c4 Nf6 4. Nc3 g6 5. Rb1 Bg7 6. b4 b6 7. d4 cxd4 8. Nxd4
O-O 9. Be2 Bb7 10. Bf3 Qc8 11. Qd3 Nc6 12. Nd5 Nxd5 13. Nxc6 Bxc6 14. exd5 Bd7
15. O-O Bf5 16. Be4 Bxe4 17. Qxe4 Qc7 18. Bg5 Rfe8 19. Rfc1 e6 20. dxe6 fxe6
21. Rc2 Qf7 22. h3 Qf5 23. Qxf5 exf5 24. c5 dxc5 25. bxc5 Rac8 26. c6 Bd4 27.
Rd2 Bc5 28. Rd7 Rxc6 29. Rxa7 Rce6 30. Bd2 Re2 31. Be3 Bxe3 32. fxe3 R2xe3 33.
Rxb6 Re1+ 34. Kf2 R1e2+ 35. Kf3 g5 36. Rb3 g4+ 37. hxg4 fxg4+ 38. Kxg4 Rxg2+
39. Kh3 1/2-1/2

[Event "HUN Team League Ch. Csongrad Region"]
[Site "Csongrád County"]
[Date "2016.03.06"]
[Round "7.2"]
[White "Oravecz, Matyas"]
[Black "Tornyai, Jeno"]
[Result "0-1"]
[WhiteElo "1725"]
[BlackElo "1955"]
[PlyCount "38"]
[EventDate "2015.09.20"]

1. b3 e5 2. Bb2 Nc6 3. e3 d5 4. Nf3 Bd6 5. c4 Nf6 6. d4 exd4 7. Nxd4 Bb4+ 8.
Nc3 Ne4 9. Qc2 Nxd4 10. exd4 Bf5 11. Bd3 Qg5 12. O-O Bxc3 13. Bxc3 O-O 14. f3
Qe3+ 15. Kh1 Ng3+ 16. hxg3 Bxd3 17. Qf2 Qh6+ 18. Kg1 Bxf1 19. Qxf1 Qe3+ 0-1

[Event "HUN Team League Ch. Csongrad Region"]
[Site "Csongrád County"]
[Date "2016.03.06"]
[Round "7.2"]
[White "Balogh, Ferenc"]
[Black "Filep, Miklos Jr"]
[Result "1-0"]
[WhiteElo "1898"]
[BlackElo "1749"]
[PlyCount "89"]
[EventDate "2015.09.20"]

1. e4 c5 2. Nf3 Nc6 3. d4 cxd4 4. Nxd4 e5 5. Nb5 a6 6. Nd6+ Bxd6 7. Qxd6 Qe7 8.
Qd1 Nf6 9. Nc3 h6 10. a3 O-O 11. Be3 d6 12. Be2 Be6 13. Nd5 Bxd5 14. exd5 Nd8
15. O-O b5 16. b3 Qb7 17. c4 Nd7 18. Rb1 f6 19. Qc2 Nf7 20. Qf5 Rfc8 21. Rfd1
Rab8 22. h4 Nf8 23. g4 Qd7 24. Qf3 Qe7 25. Qe4 Qd8 26. Bd2 Rb7 27. Kg2 Rcb8 28.
cxb5 axb5 29. Bb4 Nh8 30. h5 Nf7 31. Bd3 Qb6 32. Rbc1 Rc7 33. Rxc7 Qxc7 34. Qe2
Qb7 35. f3 Nd7 36. Bf5 Nc5 37. Bxc5 dxc5 38. d6 Qa6 39. d7 Nd8 40. Qd3 Nb7 41.
Qd5+ Kf8 42. Bg6 Nd8 43. Qxc5+ Kg8 44. Qe7 Qe6 45. Qe8+ 1-0

[Event "HUN Team League Ch. Csongrad Region"]
[Site "Csongrád County"]
[Date "2016.03.06"]
[Round "7.2"]
[White "Molnar, Jeno"]
[Black "Farkas, Janos"]
[Result "0-1"]
[WhiteElo "1692"]
[BlackElo "1841"]
[PlyCount "82"]
[EventDate "2015.09.20"]

1. e4 e5 2. d4 exd4 3. Nf3 Bb4+ 4. c3 dxc3 5. bxc3 Be7 6. Bc4 Nf6 7. Ng5 d5 8.
Bxd5 Nxd5 9. Qxd5 Qxd5 10. exd5 O-O 11. O-O Rd8 12. Rd1 c6 13. Nf3 Bg4 14. Ba3
Bxa3 15. Nxa3 cxd5 16. Nb5 Na6 17. Rd4 Be6 18. Rad1 Rdc8 19. Ng5 h6 20. Nxe6
fxe6 21. Re1 Nc5 22. f3 a6 23. Na3 b5 24. Nb1 Kf7 25. g4 Na4 26. Rd3 Rc4 27.
Rd4 Rac8 28. Rxc4 Rxc4 29. Rc1 b4 30. Nd2 Rxc3 31. Rxc3 Nxc3 32. a3 bxa3 33.
Nb3 a2 34. Kf1 Nb5 35. Kf2 Nd4 36. Na1 a5 37. f4 a4 38. Ke3 Nb3 39. Nc2 a3 40.
Kd3 a1=Q 41. Nxa1 Nxa1 0-1

[Event "HUN Team League Ch. Csongrad Region"]
[Site "Csongrád County"]
[Date "2016.03.06"]
[Round "7.2"]
[White "Bodo, Imre"]
[Black "Toth, Sandor Sr"]
[Result "0-1"]
[WhiteElo "1769"]
[BlackElo "1787"]
[PlyCount "83"]
[EventDate "2015.09.20"]

1. d4 d5 2. c4 e6 3. Nc3 Nf6 4. Bg5 Be7 5. e3 O-O 6. Nf3 a6 7. Qb3 dxc4 8. Bxc4
b5 9. Be2 Bb7 10. Rc1 Nbd7 11. O-O c5 12. Rfd1 c4 13. Qc2 Nd5 14. Nxd5 Bxg5 15.
Nc3 Rc8 16. Ne4 Be7 17. Ng3 Nf6 18. a4 Nd5 19. axb5 axb5 20. Qe4 Rb8 21. Qg4 g6
22. h4 Nf6 23. Qh3 Ne4 24. h5 g5 25. h6 f5 26. Ne5 Bd6 27. b3 cxb3 28. Nxe4
Bxe4 29. f3 b2 30. fxe4 bxc1=Q 31. Rxc1 Bxe5 32. dxe5 Qd2 33. Rc7 Qxe2 34. exf5
Qe1+ 35. Kh2 Qh4 36. Qxh4 gxh4 37. f6 Rf7 38. Rc2 b4 39. Kh3 b3 40. Rb2 Rc7 41.
Kxh4 Rc2 42. Rb1 0-1

[Event "HUN Team League Ch. Csongrad Region"]
[Site "Csongrád County"]
[Date "2016.03.06"]
[Round "7.2"]
[White "Jurasits, Miklos"]
[Black "Pluhar, Andras"]
[Result "0-1"]
[WhiteElo "1675"]
[BlackElo "1768"]
[PlyCount "62"]
[EventDate "2015.09.20"]

1. e4 e5 2. Nc3 Nc6 3. Bc4 Nf6 4. Nf3 Nxe4 5. Bxf7+ Kxf7 6. Nxe4 d5 7. Neg5+
Kg8 8. d3 h6 9. Nh3 Bg4 10. a3 Nd4 11. Nhg1 Qf6 12. h3 Bh5 13. g4 Bg6 14. Nxd4
exd4 15. Qf3 Re8+ 16. Kf1 Qe6 17. Bd2 c6 18. Re1 Qd7 19. Rxe8 Qxe8 20. Ne2 Bc5
21. Nf4 Bf7 22. Kg2 Kh7 23. Re1 Qd7 24. h4 Bd6 25. g5 Qf5 26. g6+ Bxg6 27. Nxg6
Qxg6+ 28. Kh3 Rf8 29. Qg2 Qf5+ 30. Qg4 Qxf2 31. Bxh6 Qh2# 0-1

[Event "HUN Team League Ch. Csongrad Region"]
[Site "Csongrád County"]
[Date "2016.03.06"]
[Round "7.2"]
[White "Arato, Daniel"]
[Black "Filep, Miklos Sr"]
[Result "0-1"]
[WhiteElo "1655"]
[BlackElo "1562"]
[PlyCount "56"]
[EventDate "2015.09.20"]

1. c4 f5 2. Nc3 b6 3. d4 Bb7 4. Bg5 Nf6 5. e3 e6 6. Nh3 Be7 7. Nf4 O-O 8. Be2
Ne4 9. Bxe7 Qxe7 10. O-O Nxc3 11. bxc3 Qa3 12. Bf3 Nc6 13. d5 Nd8 14. dxe6 Bxf3
15. Qxd7 Bc6 16. Qxc7 Re8 17. Rfd1 Qe7 18. Rd7 Bxd7 19. exd7 Rf8 20. Rd1 Qc5
21. Nd5 Qxc7 22. Nxc7 Rb8 23. Na6 Rb7 24. c5 bxc5 25. Nxc5 Rb5 26. Nd3 Rd5 27.
Nb2 Rxd1+ 28. Nxd1 Rf7 0-1

[Event "HUN Team League Ch. Csongrad Region"]
[Site "Csongrád County"]
[Date "2016.03.06"]
[Round "7.2"]
[White "Nagy, Dominik Noel"]
[Black "Balogh, Judit Dora"]
[Result "0-1"]
[WhiteElo "1435"]
[BlackElo "1632"]
[PlyCount "94"]
[EventDate "2015.09.20"]

1. d4 Nf6 2. c4 g6 3. Nc3 Bg7 4. Nf3 O-O 5. e4 d6 6. Be2 b6 7. O-O Bb7 8. Qc2
Nbd7 9. Rd1 c6 10. Bf4 Qc8 11. h3 Nh5 12. Bh2 e5 13. d5 cxd5 14. cxd5 Qc7 15.
Qa4 Nc5 16. Qc4 Ba6 17. Nb5 Bxb5 18. Qxb5 Nxe4 19. Rac1 Qe7 20. Bd3 Nc5 21. Be2
Bh6 22. Rc2 Nf4 23. Bxf4 Bxf4 24. b4 Ne4 25. Qc4 Nf6 26. g3 Bh6 27. Re1 a6 28.
Bd3 Rab8 29. Nd4 Qb7 30. Nc6 Ra8 31. f4 b5 32. Qc3 Nxd5 33. Qb2 Qb6+ 34. Kf1
Ne3+ 35. Ke2 Nxc2 36. Ne7+ Kh8 37. Bxc2 Bg7 38. Kf1 exf4 39. Qb3 fxg3 40. Qxg3
Qd4 41. Nc6 Qc4+ 42. Bd3 Qxc6 43. Rd1 Qc3 44. Qxd6 Qf6+ 45. Qxf6 Bxf6 46. Be4
Rad8 47. Rc1 Rd6 0-1

[Event "HUN Team League Ch. Csongrad Region"]
[Site "Csongrád County"]
[Date "2016.03.06"]
[Round "7.3"]
[White "Kiss, Balazs Janos"]
[Black "Linczer, Janos"]
[Result "1-0"]
[WhiteElo "1942"]
[BlackElo "2144"]
[PlyCount "93"]
[EventDate "2015.09.20"]

1. d4 Nf6 2. Nf3 g6 3. Bf4 Bg7 4. Nbd2 O-O 5. e4 d6 6. c3 Nbd7 7. Bc4 Nh5 8.
Bg5 Qe8 9. O-O e5 10. Re1 Kh8 11. Nf1 f6 12. Bh4 Nb6 13. Bb3 Be6 14. Bxe6 Qxe6
15. d5 Qd7 16. Qd3 c5 17. Ne3 Nf4 18. Qc2 c4 19. b3 Rac8 20. bxc4 Nxc4 21. Nxc4
Rxc4 22. Bg3 Rfc8 23. Re3 Rxc3 24. Rxc3 Rxc3 25. Qd2 Qc7 26. Bxf4 Rc2 27. Qe3
exf4 28. Qxf4 g5 29. Qe3 f5 30. Re1 fxe4 31. Qxe4 Bf6 32. Nd4 Bxd4 33. Qxd4+
Kg8 34. Qf6 Qf7 35. Qxg5+ Kh8 36. f3 Rc7 37. Qd8+ Kg7 38. Re4 h6 39. Qxd6 Rd7
40. Qe5+ Kh7 41. d6 Qf8 42. Rf4 Qd8 43. h4 Qb6+ 44. Kh1 Qb1+ 45. Kh2 Qg6 46.
Rf6 Qd3 47. Qf4 1-0

[Event "HUN Team League Ch. Csongrad Region"]
[Site "Csongrád County"]
[Date "2016.03.06"]
[Round "7.3"]
[White "Tenk, Zoltan"]
[Black "Nagy Dani, Karoly"]
[Result "0-1"]
[WhiteElo "1946"]
[BlackElo "1859"]
[PlyCount "76"]
[EventDate "2015.09.20"]

1. e4 e6 2. d4 d5 3. e5 c5 4. c3 Nc6 5. Nf3 Bd7 6. Be2 Rc8 7. O-O Qc7 8. Be3
Nge7 9. Bd3 cxd4 10. Bxd4 Nxd4 11. cxd4 Nc6 12. Nbd2 Qb6 13. Nb3 Be7 14. Rc1
O-O 15. Qe2 Nb4 16. Bb1 Bb5 17. Qd2 Bxf1 18. Rxf1 a5 19. Nc1 Rc7 20. Ne2 Rfc8
21. Nc3 Nc6 22. Qd3 g6 23. Nd1 Nb4 24. Qe3 Rc1 25. Nc3 Rxf1+ 26. Kxf1 Nc2 27.
Bxc2 Qxb2 28. Nxd5 exd5 29. Ne1 Kg7 30. Bb3 Rc3 31. Qf4 Rc1 32. g4 Qc3 33. Bxd5
Qxe1+ 34. Kg2 Qh1+ 35. Kh3 Rc3+ 36. f3 Qf1+ 37. Kg3 Qe1+ 38. Kh3 Qh4+ 0-1

[Event "HUN Team League Ch. Csongrad Region"]
[Site "Csongrád County"]
[Date "2016.03.06"]
[Round "7.3"]
[White "Ver, Imre"]
[Black "Blazsik, Zoltan"]
[Result "0-1"]
[WhiteElo "1833"]
[BlackElo "1879"]
[PlyCount "136"]
[EventDate "2015.09.20"]

1. Nf3 c5 2. c4 Nf6 3. Nc3 g6 4. e4 d6 5. d4 cxd4 6. Nxd4 Bg7 7. Be2 O-O 8. Be3
Bd7 9. O-O Nc6 10. Qd2 Rc8 11. f3 Qa5 12. Rac1 Rfe8 13. b3 a6 14. Rfd1 Qh5 15.
Nc2 Qa5 16. Ne1 Ne5 17. Nd3 Nxd3 18. Bxd3 Nh5 19. g4 Nf6 20. Qf2 Bxg4 21. Nd5
Nxd5 22. exd5 Bh5 23. Bb6 Qb4 24. Kg2 Bf6 25. Be3 e6 26. dxe6 Rxe6 27. Be4 Rce8
28. Rc2 Qa5 29. Rd5 Qd8 30. Bf4 Be5 31. Qg3 Bxf4 32. Qxf4 f5 33. Bd3 Qf6 34.
Rf2 Re5 35. Rd4 g5 36. Qg3 Kf7 37. Rd5 Bg6 38. Rd2 Rxd5 39. cxd5 Re5 40. Qf2
Bh5 41. Rc2 Re7 42. a4 Bg6 43. h3 h5 44. Bc4 f4 45. Re2 Re5 46. Qe1 g4 47. Rxe5
gxh3+ 48. Kxh3 dxe5 49. Kh2 Ke7 50. Qb4+ Ke8 51. Qe1 Qg5 52. d6 Kd7 53. Bd5
Qg3+ 54. Qxg3 fxg3+ 55. Kxg3 Kxd6 56. Bxb7 a5 57. Ba6 Kc5 58. Bc4 Kd4 59. Be6
Ke3 60. Bd5 Kd4 61. Be6 Be8 62. Bc4 Bc6 63. Be6 Bd5 64. Bxd5 Kxd5 65. Kh4 e4
66. fxe4+ Kxe4 67. b4 axb4 68. a5 Kd5 0-1

[Event "HUN Team League Ch. Csongrad Region"]
[Site "Csongrád County"]
[Date "2016.03.06"]
[Round "7.3"]
[White "Vidakovics, Istvan"]
[Black "Sipos, Kalman"]
[Result "1-0"]
[WhiteElo "1989"]
[BlackElo "1804"]
[PlyCount "85"]
[EventDate "2015.09.20"]

1. d4 Nf6 2. c4 g6 3. Nc3 d5 4. Nf3 Bg7 5. Qb3 dxc4 6. Qxc4 Be6 7. Qb5+ Bd7 8.
Qxb7 Nc6 9. Qb3 Rb8 10. Qd1 O-O 11. e3 Nb4 12. a3 Nbd5 13. Bd3 Qc8 14. O-O c5
15. e4 Nxc3 16. bxc3 Rd8 17. Bf4 Rb2 18. Be5 Ng4 19. Bxg7 Kxg7 20. Qc1 Rb6 21.
d5 Qc7 22. h3 Ne5 23. Nxe5 Qxe5 24. f4 Qc7 25. c4 f6 26. Qc3 Rdb8 27. Bc2 Rf8
28. e5 fxe5 29. fxe5 Rxf1+ 30. Rxf1 Kg8 31. Qf3 Qd8 32. Qf7+ Kh8 33. e6 Bxe6
34. dxe6 Rb8 35. Rd1 Qc7 36. h4 Rg8 37. Qf3 Qe5 38. Qe4 Qc3 39. h5 Qg7 40. hxg6
Rf8 41. gxh7 Qf6 42. Qe3 Kg7 43. Re1 1-0

[Event "HUN Team League Ch. Csongrad Region"]
[Site "Csongrád County"]
[Date "2016.03.06"]
[Round "7.3"]
[White "Abraham, Lajos"]
[Black "Berczi, Peter"]
[Result "1-0"]
[WhiteElo "1781"]
[BlackElo "1804"]
[PlyCount "157"]
[EventDate "2015.09.20"]

1. e4 c5 2. Nf3 d6 3. d4 cxd4 4. Nxd4 Nf6 5. Nc3 g6 6. h3 Bg7 7. Be3 Nc6 8. Qd2
O-O 9. Rd1 Bd7 10. Be2 Nxd4 11. Bxd4 Bc6 12. Bf3 Nd7 13. Bxg7 Kxg7 14. O-O Ne5
15. Be2 f5 16. f4 Qb6+ 17. Qd4 Qxd4+ 18. Rxd4 Nd7 19. exf5 gxf5 20. Rd3 Kf6 21.
Bf3 Rac8 22. Rf2 Bxf3 23. Rfxf3 Rc6 24. Rd2 Nc5 25. b4 Ne4 26. Nxe4+ fxe4 27.
Re3 Rc4 28. c3 Rfc8 29. Kf2 Kf5 30. g3 Rxc3 31. Rd5+ Kf6 32. Ra5 b6 33. Rxa7 d5
34. g4 Rxe3 35. Kxe3 Rc3+ 36. Ke2 d4 37. Rd7 Rc2+ 38. Kd1 Rc4 39. a3 e3 40. Rd5
e6 41. g5+ Kf7 42. Re5 Rc6 43. Ke2 Rc2+ 44. Kd1 Rc6 45. Ke2 Rd6 46. Kd3 Rd8 47.
a4 Ra8 48. a5 bxa5 49. bxa5 Rd8 50. a6 Rd7 51. Ra5 Ra7 52. h4 Ke7 53. h5 Kf7
54. Ra4 Ke7 55. Rxd4 Rxa6 56. Kxe3 Ra1 57. Rb4 Kf7 58. Rb7+ Kg8 59. h6 Re1+ 60.
Kd4 Re2 61. Rg7+ Kh8 62. Ra7 Kg8 63. Ra1 Kf7 64. Kd3 Rf2 65. Ke3 Rb2 66. Ra7+
Kg6 67. Rg7+ Kf5 68. Rxh7 Rb3+ 69. Kf2 Kxf4 70. g6 Rb2+ 71. Ke1 Ke3 72. Kd1
Rb1+ 73. Kc2 Rb8 74. g7 Rc8+ 75. Kb3 Rb8+ 76. Kc4 Rc8+ 77. Kb5 Rb8+ 78. Kc6
Rc8+ 79. Kd7 1-0

[Event "HUN Team League Ch. Csongrad Region"]
[Site "Csongrád County"]
[Date "2016.03.06"]
[Round "7.3"]
[White "Volford, Istvan"]
[Black "Bartos, Ferenc"]
[Result "1/2-1/2"]
[WhiteElo "1773"]
[BlackElo "1802"]
[PlyCount "60"]
[EventDate "2015.09.20"]

1. e4 e5 2. Nf3 Nc6 3. Bc4 Bc5 4. O-O Nf6 5. Nc3 O-O 6. d3 h6 7. Ne2 d6 8. h3
Bd7 9. c3 Bb6 10. Ng3 Qe7 11. Re1 Na5 12. Bb3 Nxb3 13. axb3 a6 14. d4 Rad8 15.
Be3 Nxe4 16. Nxe4 f5 17. Nxd6 cxd6 18. dxe5 Bxe3 19. Rxe3 f4 20. exd6 Qf6 21.
Re1 Bc6 22. Nd4 Rxd6 23. Qc2 f3 24. Nxc6 Qg5 25. Ne7+ Kh8 26. g3 Rd2 27. Qe4
Rxf2 28. Ng6+ Kg8 29. Ne7+ Kh8 30. Ng6+ Kg8 1/2-1/2

[Event "HUN Team League Ch. Csongrad Region"]
[Site "Csongrád County"]
[Date "2016.03.06"]
[Round "7.3"]
[White "Beretka, Csaba"]
[Black "Boa, Bence"]
[Result "0-1"]
[WhiteElo "1695"]
[BlackElo "1716"]
[PlyCount "54"]
[EventDate "2015.09.20"]

1. d4 Nf6 2. c4 e6 3. Nc3 d5 4. Nf3 Bb4 5. Bg5 O-O 6. e3 c6 7. a3 Bxc3+ 8. bxc3
Nbd7 9. cxd5 cxd5 10. Qb3 h6 11. Bxf6 Nxf6 12. Bd3 b6 13. O-O Bb7 14. Ne5 Nd7
15. f4 Nxe5 16. fxe5 Qc7 17. Rac1 Rac8 18. Rf2 Qe7 19. a4 Rc7 20. Bb1 Qg5 21.
Qc2 g6 22. Qd3 Rfc8 23. g3 Rc4 24. h4 Qg4 25. Kg2 Ba6 26. Rf4 Qh5 27. Rcf1 Rxa4
0-1

[Event "HUN Team League Ch. Csongrad Region"]
[Site "Csongrád County"]
[Date "2016.03.06"]
[Round "7.3"]
[White "Szajbely, Samuel Janos"]
[Black "Fodor, Gabor"]
[Result "1-0"]
[WhiteElo "1597"]
[BlackElo "1556"]
[PlyCount "71"]
[EventDate "2015.09.20"]

1. e4 d6 2. d4 Nf6 3. Nc3 g6 4. Bg5 Bg7 5. f3 O-O 6. Qd2 Re8 7. g4 Nbd7 8. h4
h5 9. gxh5 Nxh5 10. Nge2 c5 11. Bh3 cxd4 12. Nxd4 a6 13. Bg4 Kh7 14. Bxh5 gxh5
15. Nf5 Ne5 16. Qg2 Bxf5 17. exf5 Nc4 18. O-O Rg8 19. Qe2 Qb6+ 20. Kh2 Qxb2 21.
f4 Rh8 22. Nd5 Bd4 23. Qxc4 Rac8 24. Nc7 Rhg8 25. Qxf7+ Rg7 26. Qxh5+ Kg8 27.
Qe2 Rxc7 28. Rac1 Rc3 29. Bxe7 Qa3 30. Qe6+ Kh7 31. f6 Rxc2+ 32. Rxc2 Qg3+ 33.
Kh1 Rg4 34. Qf7+ Kh6 35. Bf8+ Rg7 36. Qxg7+ 1-0

[Event "HUN Team League Ch. Csongrad Region"]
[Site "Csongrád County"]
[Date "2016.03.06"]
[Round "7.4"]
[White "Bodicsi, Barna"]
[Black "Botka, Peter"]
[Result "0-1"]
[WhiteElo "1521"]
[BlackElo "2108"]
[PlyCount "142"]
[EventDate "2015.09.20"]

1. e4 c6 2. d4 g6 3. Ne2 d5 4. e5 h5 5. Bg5 Qb6 6. Qc1 Bh6 7. Bxh6 Nxh6 8. g3
Bg4 9. c3 Bf3 10. Rg1 c5 11. Nd2 Bxe2 12. Bxe2 cxd4 13. cxd4 Nc6 14. Qc3 Qxd4
15. Bf3 Qxc3 16. bxc3 e6 17. Bg2 Nxe5 18. f4 Nc6 19. Rb1 O-O-O 20. c4 Ng4 21.
h4 Ne3 22. Ke2 Nf5 23. Bf3 Rhe8 24. Kf2 f6 25. Rb2 Nfd4 26. Bg2 Re7 27. Rgb1 b6
28. Rc1 Kb8 29. Nb3 Nxb3 30. axb3 Nb4 31. Rd1 d4 32. Rbd2 e5 33. fxe5 fxe5 34.
Be4 Rf7+ 35. Ke2 Rf6 36. Rf1 Rdf8 37. Rdd1 Na2 38. Rxf6 Nc3+ 39. Kd3 Rxf6 40.
Rg1 Kc7 41. g4 hxg4 42. Rxg4 Nd1 43. Kc2 Ne3+ 44. Kd3 Nxg4 45. Bd5 Nf2+ 46. Kd2
e4 47. Ke2 Kd6 48. Kd2 Rf3 49. Ke2 d3+ 50. Ke1 Ke5 51. b4 Kd4 52. Kd2 e3+ 53.
Ke1 d2+ 54. Kf1 d1=B 55. Bxf3 Bxf3 56. h5 gxh5 57. b5 Kxc4 58. Kg1 h4 59. Kf1
h3 60. Kg1 Kxb5 61. Kh2 a5 62. Kg3 Bd1 63. Kh2 e2 64. Kg1 e1=B 65. Kh2 a4 66.
Kg1 a3 67. Kh2 a2 68. Kg1 Ng4 69. Kh1 Bf3+ 70. Kg1 Bf2+ 71. Kf1 a1=R# 0-1

[Event "HUN Team League Ch. Csongrad Region"]
[Site "Csongrád County"]
[Date "2016.03.06"]
[Round "7.4"]
[White "Borsi, Imre"]
[Black "Farkas, Boldizsar"]
[Result "1-0"]
[WhiteElo "2063"]
[BlackElo "1423"]
[PlyCount "79"]
[EventDate "2015.09.20"]

1. d4 Nf6 2. c4 e6 3. Nc3 Bb4 4. Bg5 O-O 5. Rc1 b6 6. a3 Be7 7. Nf3 Bb7 8. e3
d5 9. cxd5 Nxd5 10. Bxe7 Qxe7 11. Bd3 Na6 12. Qa4 Nb8 13. Qc2 h6 14. Nxd5 Bxd5
15. e4 Bb7 16. Qxc7 Qxc7 17. Rxc7 Ba6 18. Kd2 Bxd3 19. Kxd3 Na6 20. Rc6 Rfd8
21. Ke3 Nb8 22. Rc7 Na6 23. Rc3 f5 24. exf5 exf5 25. Rhc1 Re8+ 26. Kf4 g6 27.
Re3 Rf8 28. h4 Rad8 29. Rc6 Kg7 30. Ree6 g5+ 31. hxg5 hxg5+ 32. Kxg5 Rh8 33.
Re7+ Kf8 34. Rxa7 Nb8 35. Rf6+ Ke8 36. Ne5 Rh2 37. Re6+ Kf8 38. g3 Rxf2 39.
Ree7 Rxd4 40. Ng6+ 1-0

[Event "HUN Team League Ch. Csongrad Region"]
[Site "Csongrád County"]
[Date "2016.03.06"]
[Round "7.4"]
[White "Varga, Gabor"]
[Black "Baranyi, Erno"]
[Result "0-1"]
[WhiteElo "1539"]
[BlackElo "2102"]
[PlyCount "104"]
[EventDate "2015.09.20"]

1. e4 Nf6 2. Nc3 d5 3. exd5 Nxd5 4. Nf3 Bg4 5. Be2 e6 6. O-O Be7 7. Nxd5 Qxd5
8. d4 O-O 9. Bf4 c6 10. h3 Bh5 11. Qd3 b5 12. Qb3 Nd7 13. Qxd5 exd5 14. Rfe1
Bf6 15. c3 Rfe8 16. Rad1 Re4 17. Bg3 Rae8 18. Kf1 Nb6 19. b3 Bg6 20. Nd2 Rxe2
21. Rxe2 Bd3 22. Rde1 b4 23. cxb4 Bxd4 24. Nb1 f6 25. Bf4 Kf7 26. Be3 Bxe3 27.
fxe3 Rxe3 28. Nd2 Ke6 29. Kf2 Rxe2+ 30. Rxe2+ Bxe2 31. Kxe2 a6 32. Nf3 g6 33.
g4 Nd7 34. Ke3 Kd6 35. Kd4 c5+ 36. bxc5+ Nxc5 37. b4 Ne6+ 38. Ke3 Nd8 39. Nd4
Nf7 40. a4 Ne5 41. Nc2 Nc4+ 42. Kd4 Nb6 43. a5 Nc8 44. Ne3 Ne7 45. Nc2 Nc6+ 46.
Kd3 Ke5 47. Ke3 f5 48. gxf5 gxf5 49. b5 axb5 50. a6 f4+ 51. Kd3 Kd6 52. Na3 Kc5
0-1